[Event "Challenge"]
[Site "http://www.queenalice.com/game.php?id=1058181"]
[Date "2012.5.10"]
[Round "-"]
[White "vickfa"]
[Black "igor20"]
[Result "0-1"]
[WhiteElo "1083"]
[BlackElo "1688"]

1. e4 e5 2. d3 Nc6 3. Nf3 Bc5 4. Be3 Bxe3 5. fxe3 Nf6 6. g3 d6 7. Bg2 Bg4 8. Nc3
O-O 9. O-O Qd7 10. Qd2 a5 11. Nd5 Nxd5 12. exd5 Nb4 13. c3 Nxd5 14. e4 Ne7 15.
h3 Bxh3 16. Ng5 Bxg2 17. Kxg2 Qg4 18. Rf4 exf4 19. Qf2 Qxg5 20. a4 fxg3 21. Qf3
Ng6 22. Kf1 Nh4 23. Qe2 Qf4+ 24. Ke1 g2 25. Rd1 g1=Q+ 26. Qf1 Qfe3# 0-1

[Event "Challenge"]
[Site "http://www.queenalice.com/game.php?id=1069851"]
[Date "2012.6.8"]
[Round "-"]
[White "igor20"]
[Black "vickfa"]
[Result "1/2-1/2"]
[WhiteElo "1731"]
[BlackElo "1163"]

1. e4 e5 2. Nf3 d6 3. Bc4 Be6 4. Qe2 a6 5. Bxe6 fxe6 6. Qc4 b5 7. Qxe6+ Ne7 8.
Ng5 Nc6 9. Nf7 Qd7 10. Qb3 Rg8 11. Nxe5 Nxe5 12. Qxg8 Nxg8 13. d3 g6 14. Nc3 Nf6
15. Bg5 Be7 16. O-O-O c6 17. d4 Nc4 18. b3 Na5 19. e5 dxe5 20. dxe5 Nd5 21. Bxe7
Qxe7 22. Nxd5 cxd5 23. Rxd5 h6 24. Re1 Rd8 25. Rxd8+ Qxd8 26. f4 Nc6 27. Rd1 Nd4
28. c3 Ne2+ 29. Kc2 Qe7 30. g3 Qc5 31. Rd3 b4 32. c4 Nd4+ 33. Kd2 a5 34. Ke3
Nc2+ 35. Ke2 Qc6 36. Rd2 Na3 37. Rd5 Nc2 38. Kd3 Ne1+ 39. Ke2 Nc2 40. Kd2
1/2-1/2

[Event "AEAP 2012"]
[Site "http://www.queenalice.com/game.php?id=1095589"]
[Date "2012.8.22"]
[Round "3"]
[White "MarcosT"]
[Black "igor20"]
[Result "1-0"]
[WhiteElo "1763"]
[BlackElo "1717"]

1. e4 e5 2. Nc3 Bb4 3. a3 Bxc3 4. bxc3 d6 5. d4 Nf6 6. dxe5 Nxe4 7. Qf3 d5 8.
Bd3 Nxc3 9. Bb2 d4 10. Ne2 Nxe2 11. Qxe2 Be6 12. O-O O-O 13. Qh5 f5 14. Rad1 c5
15. c3 Nc6 16. cxd4 Nxd4 17. Bxd4 Qxd4 18. Bc2 Qxe5 19. Rfe1 Qf6 20. Qe2 Rfe8
21. Rd6 Bc4 22. Qxc4+ 1-0

[Event "Let's Play Chess!"]
[Site "http://www.queenalice.com/game.php?id=1106596"]
[Date "2012.9.26"]
[Round "-"]
[White "igor20"]
[Black "Piazzolero"]
[Result "1-0"]
[WhiteElo "1720"]
[BlackElo "1663"]

1. e4 e5 2. Nf3 d6 3. Nc3 Nc6 4. d4 exd4 5. Nxd4 Nf6 6. Nxc6 bxc6 7. e5 dxe5 8.
Qxd8+ Kxd8 9. g3 e4 10. Bg5 Be7 11. Bg2 Ng4 12. Bxe7+ Kxe7 13. Bxe4 Bb7 14. O-O
Rae8 15. Bf3 Ne5 16. Rfe1 f6 17. a4 Kf7 18. Bg2 Nc4 19. b3 Nd6 20. Kf1 Ba6+ 21.
Kg1 c5 22. Nd5 Rc8 23. Re7+ Kg6 24. Nxc7 Bb7 25. Bxb7 Nxb7 26. Nd5 Na5 27. Rxa7
Nc6 28. Nf4+ Kh6 29. Ra6 Nd4 30. Rc1 Rhe8 31. Kg2 c4 32. bxc4 Rxc4 33. c3 Nb3
34. Rc2 Nc5 35. Rc6 Ra8 36. Ne6 Ra5 37. Nxc5 Raxc5 38. Rxc5 Rxc5 39. c4 f5 40.
a5 Rxa5 41. c5 Ra7 42. Kf3 Rc7 43. c6 g6 44. Kf4 Kh5 45. Ke5 Kg5 46. Kd6 Rf7 47.
c7 Rf6+ 48. Kd7 Rf7+ 49. Ke6 Rf8 50. c8=Q Rxc8 51. Rxc8 f4 52. gxf4+ Kxf4 53.
Kf6 g5 54. Rc4+ Kf3 55. Kxg5 Kxf2 56. Rh4 Kg2 57. Rxh7 Kf2 58. h4 Ke3 59. Rd7
Ke4 60. h5 Ke5 61. h6 Ke6 62. Rd1 Kf7 63. Rd7+ Ke8 64. Ra7 Kf8 65. Kg6 Kg8 66.
Ra8# 1-0

[Event "AEAP 2012"]
[Site "http://www.queenalice.com/game.php?id=1115001"]
[Date "2012.10.22"]
[Round "4"]
[White "igor20"]
[Black "frankcasadio"]
[Result "1-0"]
[WhiteElo "1705"]
[BlackElo "1977"]

1. e4 e5 2. Nf3 Nc6 3. d4 exd4 4. Nxd4 Nxd4 5. Qxd4 b6 6. Bc4 Qf6 7. e5 Qf5 8.
Bd3 Qh5 9. Be3 Bc5 10. Qf4 d6 11. exd6 Bxd6 12. Qe4+ Ne7 13. Qxa8 O-O 14. Qxa7
Be6 15. Be2 Qg6 16. Bf3 Qxc2 17. Nd2 Qxb2 18. O-O Qe5 19. g3 g6 20. Nb3 h5 21.
Rfe1 Qf5 22. Nd4 Qf6 23. Qb7 Nf5 24. Nxf5 Bxf5 25. Qc6 h4 26. Rad1 h3 27. Bxb6
Bd7 28. Rxd6 Qxd6 29. Qxc7 Qb4 30. Ba5 Qb5 31. Qb6 Qa4 32. Bb4 Rc8 33. Qd4 Be6
34. a3 Qb3 35. Bg4 Bxg4 36. Qxg4 Rc2 37. Qxh3 Qa4 38. Qh6 Qa8 39. Rc1 Rxc1+ 40.
Qxc1 Qd8 41. a4 Qd7 42. a5 Qd8 43. Qc5 Qd1+ 44. Kg2 Qd8 45. Qf8+ Qxf8 46. Bxf8
Kxf8 47. a6 f5 48. a7 f4 49. g4 f3+ 50. Kxf3 g5 51. a8=Q+ Kg7 52. Qb7+ Kg6 53.
Qc6+ Kg7 54. Ke4 Kf7 55. Kf5 Ke7 56. Kxg5 Kf7 57. h4 Kg7 58. Qd7+ Kf8 59. Kg6
1-0

[Event "Challenge"]
[Site "http://www.queenalice.com/game.php?id=1118961"]
[Date "2012.11.4"]
[Round "-"]
[White "igor20"]
[Black "vickfa"]
[Result "1-0"]
[WhiteElo "1703"]
[BlackElo "1296"]

1. e4 c5 2. Bc4 e6 3. d4 Qa5+ 4. Bd2 Qd8 5. Nc3 Na6 6. Bxa6 bxa6 7. dxc5 Bxc5 8.
Qf3 Nh6 9. e5 d5 10. exd6 Bxd6 11. Qxa8 Bd7 12. Qxa7 Ng4 13. h3 Ne5 14. Bf4 O-O
15. O-O-O Nc6 16. Qe3 e5 17. Rxd6 exf4 18. Qxf4 a5 19. Nf3 Qe7 20. Re1 Be6 21.
Rxc6 g5 22. Qxg5+ Qxg5+ 23. Nxg5 Bd7 24. Ra6 f6 25. Nge4 Bc8 26. Rxa5 f5 27. Nd6
Be6 28. Rxe6 1-0

[Event "Challenge"]
[Site "http://www.queenalice.com/game.php?id=1124735"]
[Date "2012.11.21"]
[Round "-"]
[White "igor20"]
[Black "vickfa"]
[Result "1-0"]
[WhiteElo "1735"]
[BlackElo "1284"]

1. e4 c5 2. Nf3 Nc6 3. Bb5 a6 4. Bxc6 bxc6 5. Nc3 e6 6. d3 g6 7. b3 Bh6 8. Bb2
Bb7 9. Na4 f6 10. Nxc5 Qa5+ 11. c3 Qxc5 12. Nd4 Qe7 13. Nf3 e5 14. d4 exd4 15.
Qxd4 c5 16. Qd3 f5 17. c4 Bxe4 18. Qe2 Nf6 19. Nd2 Ra7 20. Bxf6 Qxf6 21. O-O d6
22. f3 Bxd2 23. fxe4 Qd4+ 24. Kh1 fxe4 25. Rad1 e3 26. Rf3 Rf8 27. Rxd2 Re7 28.
Rxd4 cxd4 29. Kg1 g5 30. Rxf8+ Kxf8 31. Kf1 Rf7+ 32. Ke1 h6 33. Qd3 Rf4 34. g3
Rf2 35. Qxd4 Rxh2 36. Qxd6+ Kg7 37. Qxa6 Rh1+ 38. Ke2 Rh3 39. Qa7+ Kg6 40. Qxe3
Kh5 41. Qf3+ g4 42. Qf5# 1-0

[Event "AUTO-OPEN-2892"]
[Site "http://www.queenalice.com/game.php?id=1142308"]
[Date "2013.1.19"]
[Round "1"]
[White "hirano"]
[Black "igor20"]
[Result "0-1"]
[WhiteElo "1675"]
[BlackElo "1732"]

1. e4 e5 2. Nf3 Nf6 3. Nxe5 Qe7 4. d4 d6 5. Nc4 Qxe4+ 6. Be3 g6 7. Nc3 Qg4 8. f3
Qe6 9. d5 Qe7 10. Qd2 Bg7 11. O-O-O Bd7 12. Bd4 O-O 13. Na5 b6 14. Nb7 Bc8 15.
Nxd6 Qxd6 16. Bxf6 Bxf6 17. Ne4 Qe5 18. g4 Qxb2# 0-1

[Event "AUTO-OPEN-2892"]
[Site "http://www.queenalice.com/game.php?id=1142309"]
[Date "2013.1.19"]
[Round "1"]
[White "igor20"]
[Black "hirano"]
[Result "1-0"]
[WhiteElo "1746"]
[BlackElo "1670"]

1. e4 e5 2. Nf3 Nc6 3. d4 exd4 4. Nxd4 Qf6 5. Nxc6 Qxc6 6. Nc3 Bb4 7. Bd2 Bxc3
8. Bxc3 Qxe4+ 9. Qe2 Qxe2+ 10. Bxe2 d6 11. Bxg7 f6 12. Bxh8 Kf7 13. Bc4+ Be6 14.
Bxe6+ Kxe6 15. Bg7 Kf7 16. Bxf6 Re8+ 17. Kd2 Nxf6 18. Rae1 Ne4+ 19. Kc1 d5 20.
f3 Nf6 21. Rxe8 Kxe8 22. Re1+ Kd7 23. Kd2 c5 24. g4 b5 25. g5 Nh5 26. c3 d4 27.
cxd4 cxd4 28. Re4 Kd6 29. Rxd4+ Ke5 30. Rh4 Nf4 31. Rxh7 a5 32. Rf7 1-0

[Event "AUTO-OPEN-2892"]
[Site "http://www.queenalice.com/game.php?id=1142340"]
[Date "2013.1.19"]
[Round "1"]
[White "igor20"]
[Black "kykobr"]
[Result "1-0"]
[WhiteElo "1737"]
[BlackElo "1087"]

1. e4 c5 2. Nf3 e6 3. e5 Nc6 4. Bb5 d6 5. Bxc6+ bxc6 6. c4 d5 7. Qa4 Bd7 8. d3
g6 9. Bg5 Be7 10. Bxe7 Nxe7 11. Qa3 Qb6 12. Nc3 O-O 13. O-O d4 14. Na4 Qa5 15.
Nxc5 Qxa3 16. bxa3 Be8 17. Rfd1 a5 18. Nxd4 h5 19. Nb7 Ra7 20. Rab1 Bd7 21. Nc5
Bc8 22. Rb6 Bd7 23. Nxd7 Rd8 24. Nf6+ Kg7 25. Nxc6 Nxc6 26. Rxc6 a4 27. Kf1 Rd4
28. c5 Rb7 29. Ke2 Rb2+ 30. Rd2 Rb5 31. g3 h4 32. Ke3 Rd8 33. g4 g5 34. d4 Kg6
35. Rb6 Ra5 36. h3 Raa8 37. Rdb2 Rf8 38. c6 Rac8 39. Nd7 Rfd8 40. Rb8 Rxb8 41.
Rxb8 1-0

[Event "AUTO-OPEN-2892"]
[Site "http://www.queenalice.com/game.php?id=1142341"]
[Date "2013.1.19"]
[Round "1"]
[White "kykobr"]
[Black "igor20"]
[Result "0-1"]
[WhiteElo "1087"]
[BlackElo "1750"]

1. d4 d5 2. Nc3 Nf6 3. Bg5 e6 4. Nf3 h6 5. Bh4 Bb4 6. e3 Bxc3+ 7. bxc3 g5 8. Bg3
Ne4 9. Bd3 Nxc3 10. Qd2 Ne4 11. Bxe4 dxe4 12. Ne5 f6 13. Nc4 Nc6 14. Nb2 h5 15.
h3 Bd7 16. c4 Qe7 17. Bxc7 b6 18. Bg3 a5 19. Na4 Nxd4 20. Qxd4 Qb4+ 21. Nc3 e5
22. Qd2 Rd8 23. O-O Ba4 24. a3 Qxc4 25. Qc1 Qb3 26. Ne2 O-O 27. Rb1 Qd3 28. Rxb6
Qxe2 29. Re1 Rd1 30. Qxd1 Qxd1 31. Rxd1 Bxd1 32. Rb7 a4 33. Ra7 Rd8 34. Ra6 Kf7
35. Rc6 Rd3 36. Ra6 Rxa3 37. Kf1 Ra1 38. f3 Bxf3+ 39. Kf2 Ra2+ 40. Kf1 Be2+ 41.
Ke1 Bxa6 42. Bh2 Rxg2 0-1

[Event "AEAP 2013"]
[Site "http://www.queenalice.com/game.php?id=1164176"]
[Date "2013.3.24"]
[Round "1"]
[White "igor20"]
[Black "rockaudrey"]
[Result "0-1"]
[WhiteElo "1752"]
[BlackElo "1866"]

1. e4 c5 2. Nf3 Nc6 3. Nc3 d6 4. Bb5 Bd7 5. d4 cxd4 6. Bxc6 dxc3 7. Bxd7+ Qxd7
8. bxc3 Nf6 9. Qd3 g6 10. e5 dxe5 11. Bg5 Qxd3 12. cxd3 Nd7 13. O-O Bg7 14. Rfe1
f6 15. Be3 O-O 16. d4 a6 17. d5 Rfd8 18. c4 f5 19. Bg5 Re8 20. a4 e4 21. Nd2
Bxa1 22. Rxa1 Rac8 23. Kf1 Nb6 0-1

[Event "#1"]
[Site "http://www.queenalice.com/game.php?id=1179866"]
[Date "2013.5.9"]
[Round "-"]
[White "igor20"]
[Black "MarcosT"]
[Result "0-1"]
[WhiteElo "1733"]
[BlackElo "1817"]

1. e4 c5 2. Nc3 e6 3. Nf3 d6 4. Bb5+ Bd7 5. d3 a6 6. Bxd7+ Nxd7 7. Bd2 e5 8. O-O
Be7 9. Nd5 Ngf6 10. Nxe7 Qxe7 11. Bg5 h6 0-1

[Event "#2"]
[Site "http://www.queenalice.com/game.php?id=1179867"]
[Date "2013.5.9"]
[Round "-"]
[White "MarcosT"]
[Black "igor20"]
[Result "0-1"]
[WhiteElo "1822"]
[BlackElo "1741"]

1. e4 e5 2. Bc4 Nf6 3. d3 Bc5 4. Nf3 Nc6 5. Nc3 Na5 6. Bb3 Ng4 7. d4 exd4 8.
Nxd4 Nxb3 9. Qxg4 Nxa1 10. Qxg7 Bxd4 11. Qxd4 Nxc2+ 0-1

[Event "Vamos jogar 3?"]
[Site "http://www.queenalice.com/game.php?id=1211141"]
[Date "2013.8.24"]
[Round "-"]
[White "frankcasadio"]
[Black "igor20"]
[Result "1-0"]
[WhiteElo "2037"]
[BlackElo "1734"]

1. e4 e5 2. Nf3 Nf6 3. Nc3 Bb4 4. Bc4 Bxc3 5. dxc3 c6 6. O-O O-O 7. Bg5 d6 8. h3
a5 9. a4 Qe7 10. Re1 Be6 11. Qe2 Nbd7 12. Nh4 Bxc4 13. Qxc4 h6 14. Nf5 Qe6 15.
Qxe6 fxe6 16. Bxf6 1-0